Online Catalogue and eLibrary

People's verdict on tsunami recoverry in Sri Lanka (Record no. 4977)

MARC details
000 -LEADER
fixed length control field 00622nam a2200157Ia 4500
005 - DATE AND TIME OF LATEST TRANSACTION
control field 20240604045359.0
008 - FIXED-LENGTH DATA ELEMENTS--GENERAL INFORMATION
fixed length control field 240331s9999 xx 000 0 und d
020 ## - INTERNATIONAL STANDARD BOOK NUMBER
ISBN 9789555801140
082 ## - DDC Classification
Item Number - Author Mark SAR
Class No. 363
100 ## - MAIN ENTRY--PERSONAL NAME
Personal name Sarvananthan,M
245 #0 - TITLE STATEMENT
Title People's verdict on tsunami recoverry in Sri Lanka
260 ## - PUBLICATION, DISTRIBUTION, ETC.
Place of publication, distribution, etc. Colombo
Name of publisher, distributor, etc. ICES
Date of publication, distribution, etc. 2007
300 ## - PHYSICAL DESCRIPTION
Extent (e.g. Volumes, Pages etc.) xxiii,146 p.,
500 ## - GENERAL NOTE
General note This is an empirical research study based on a questionnaire based survey of 3000 tsunami affected households in the East, North, and South of Sri Lanka, incorporating 1000 household in each region, and secondary data and literature.
942 ## - Koha item type (Biblio)
Koha item type Books in Stacks (Lending)
Holdings
Lost status Damaged status Collection code Home library Current library Shelving location Date acquired Full call number Accession Number Item type
    Lending WERC Library WERC Library Social Science Cupboard 03/31/2024 363.34 SAR 6577 Books in Stacks (Lending)

© WERC Library